गृह प्रबंध, साधन व्यवस्था, एवं आतंरिक सज्जा / (Record no. 119766)
[ view plain ]
| 000 -LEADER | |
|---|---|
| fixed length control field | 01240nam a22002777a 4500 |
| 003 - CONTROL NUMBER IDENTIFIER | |
| control field | dpl |
| 005 - DATE AND TIME OF LATEST TRANSACTION | |
| control field | 20190503131200.0 |
| 008 - FIXED-LENGTH DATA ELEMENTS--GENERAL INFORMATION | |
| fixed length control field | 190503b ||||| |||| 00| 0 eng d |
| 010 ## - LIBRARY OF CONGRESS CONTROL NUMBER | |
| LC control number | B-044016 |
| 020 ## - INTERNATIONAL STANDARD BOOK NUMBER | |
| Terms of availability | 00.00 |
| 035 ## - SYSTEM CONTROL NUMBER | |
| System control number | B-044016, B-044021 |
| 037 ## - SOURCE OF ACQUISITION | |
| Source of stock number/acquisition | Cen Lib/Ret |
| 040 ## - CATALOGING SOURCE | |
| Original cataloging agency | DPL |
| Language of cataloging | HN |
| Transcribing agency | 0 |
| 082 ## - DEWEY DECIMAL CLASSIFICATION NUMBER | |
| Classification number | 640 |
| Item number | भार्गव |
| 100 ## - MAIN ENTRY--PERSONAL NAME | |
| Personal name | भार्गव, बेला |
| 9 (RLIN) | 86749 |
| 245 ## - TITLE STATEMENT | |
| Title | गृह प्रबंध, साधन व्यवस्था, एवं आतंरिक सज्जा / |
| Statement of responsibility, etc | बेला भार्गव |
| 246 ## - VARYING FORM OF TITLE | |
| Title proper/short title | Grah prabandh, sadhan vyavastha evam aantarik sajja / |
| Remainder of title | by Bela Bhargava |
| 260 ## - PUBLICATION, DISTRIBUTION, ETC. (IMPRINT) | |
| Place of publication, distribution, etc | जयपुर |
| Name of publisher, distributor, etc | यूनिवर्सिटी बुक हाउस |
| Date of publication, distribution, etc | 2001 |
| 270 ## - ADDRESS | |
| City | जयपुर |
| Address | 79, चौड़ा रास्ता |
| Postal code | 302001 |
| 300 ## - PHYSICAL DESCRIPTION | |
| Extent | 297पृ. |
| Dimensions | 21सेमी (सजिल्द) |
| 650 ## - SUBJECT ADDED ENTRY--TOPICAL TERM | |
| Topical term or geographic name as entry element | गृह प्रबंध--समय व्यवस्था |
| 9 (RLIN) | 86750 |
| 650 ## - SUBJECT ADDED ENTRY--TOPICAL TERM | |
| Topical term or geographic name as entry element | पारिवारिक साधन व्यवस्था |
| 9 (RLIN) | 86751 |
| 650 ## - SUBJECT ADDED ENTRY--TOPICAL TERM | |
| Topical term or geographic name as entry element | Home Management--Time system |
| 9 (RLIN) | 86752 |
| 650 ## - SUBJECT ADDED ENTRY--TOPICAL TERM | |
| Topical term or geographic name as entry element | Family resource management |
| 9 (RLIN) | 86753 |
| 942 ## - ADDED ENTRY ELEMENTS (KOHA) | |
| Source of classification or shelving scheme | Dewey Decimal Classification |
| Koha item type | Hindi Books |
| Classification part | 640 |
| Call number suffix | भार्गव |
| Withdrawn status | Lost status | Damaged status | Not for loan | Home library | Current library | Date acquired | Source of acquisition | Cost, normal purchase price | Total Checkouts | Full call number | Barcode | Date last seen | Date checked out | Copy number | Cost, replacement price | Price effective from | Koha item type | Source of classification or shelving scheme | Collection code |
|---|---|---|---|---|---|---|---|---|---|---|---|---|---|---|---|---|---|---|---|
| Central Library | Central Library | 18/09/2015 | Cen Lib/Ret | 0.00 | 1 | 640 भार्गव | B-044016 | 04/06/2018 | 22/05/2018 | 1 | 0.00 | 18/09/2015 | Hindi Books | ||||||
| Shahdara Branch | Shahdara Branch | 03/05/2019 | BPPD/PUB | 0.00 | 640 भार्गव | B-044021 | 03/05/2019 | 0.00 | 03/05/2019 | Hindi Books | Dewey Decimal Classification | Non-fiction |
